The Fāṭimid army during the early Crusades /

محفوظ في:

المؤلف الرئيسي: Hamblin, William James. (مؤلف)

التنسيق: كتاب

اللغة: English

منشور في: [Place of publication not identified : publisher not identified], 1988.

الموضوعات:

الوسوم: إضافة وسم

لا توجد وسوم, كن أول من يضع وسما على هذه التسجيلة!

رقم الطلب: DS37.8 .H35 1988

LEADER 00854namaa2200253 4500
001 22415
003 OSt
005 20260105064732.0
008 130303s1988 miu b 000 0 eng d
040 |c ARCE Library 
043 |a ff-----  
050 4 |a DS37.8 .H35 1988 
100 1 |a Hamblin, William James.  |e author 
245 1 4 |a The Fāṭimid army during the early Crusades /  |c William James Hamblin.  
264 1 |a [Place of publication not identified :  |b publisher not identified],  |c 1988. 
300 |a viii, 325 pages ;   |c 24 cm. 
500 |a Typescript (photocopy). Ann Arbor, Mich. : University Microfilms International, 1986. 21 cm.  
504 |a Bibliography : pages 312-323.  
555 |a Nabil 
650 0 |a Fatimites  |x History, Military.  
650 0 |a Islamic Empire  |x History, Military. 
901 |a reviewed 
942 |c BK  |2 lcc 
999 |c 21398  |d 21398